<?xml version="1.0" encoding="UTF-8"?>
<record
    xmlns:xsi="http://www.w3.org/2001/XMLSchema-instance"
    xsi:schemaLocation="http://www.loc.gov/MARC21/slim http://www.loc.gov/standards/marcxml/schema/MARC21slim.xsd"
    xmlns="http://www.loc.gov/MARC21/slim">

  <leader>01599nam a22002537a 4500</leader>
  <controlfield tag="005">20131206144153.0</controlfield>
  <datafield tag="010" ind1=" " ind2=" ">
    <subfield code="a">ENG-108791</subfield>
  </datafield>
  <datafield tag="020" ind1=" " ind2=" ">
    <subfield code="a">9781259098512</subfield>
    <subfield code="c">505.00</subfield>
  </datafield>
  <datafield tag="020" ind1=" " ind2=" ">
    <subfield code="a">1259098516</subfield>
    <subfield code="c">505.00</subfield>
  </datafield>
  <datafield tag="035" ind1=" " ind2=" ">
    <subfield code="a">EN-92324</subfield>
  </datafield>
  <datafield tag="037" ind1=" " ind2=" ">
    <subfield code="b">DBAD/PUB</subfield>
  </datafield>
  <datafield tag="082" ind1="0" ind2="0">
    <subfield code="a">650.13</subfield>
    <subfield code="2">23</subfield>
  </datafield>
  <datafield tag="100" ind1="1" ind2=" ">
    <subfield code="a">Bernstein, Albert J.</subfield>
  </datafield>
  <datafield tag="245" ind1="1" ind2="0">
    <subfield code="a">Emotional vampires at work :</subfield>
    <subfield code="b">dealing with bosses and coworkers who drain you dry /</subfield>
    <subfield code="c">by Albert Bernstein</subfield>
  </datafield>
  <datafield tag="260" ind1=" " ind2=" ">
    <subfield code="a">New Delhi</subfield>
    <subfield code="b">McGraw Hill Education</subfield>
    <subfield code="c">2013</subfield>
  </datafield>
  <datafield tag="270" ind1=" " ind2=" ">
    <subfield code="a">P-24 Green Park Extension</subfield>
    <subfield code="b">New Delhi</subfield>
    <subfield code="e">110016</subfield>
  </datafield>
  <datafield tag="300" ind1=" " ind2=" ">
    <subfield code="a">xi,258p.</subfield>
    <subfield code="c">23cm(pbk)</subfield>
  </datafield>
  <datafield tag="500" ind1=" " ind2=" ">
    <subfield code="a">Includes index</subfield>
  </datafield>
  <datafield tag="505" ind1="0" ind2=" ">
    <subfield code="a">Dedication -- Acknowledgements -- Preface -- Emotional vampires : who are they? -- Maturity and mental health : protect yourself from emotional vampires by thinking more slowly than they do -- Who are you? -- Antisocials -- Antisocial bullies and substance abusers -- Con-artists -- Antisocial cultures -- Histrionics -- The magical world of histrionic hams -- Passive-aggressives -- Histrionic cultures -- Narcissists -- Narcissistic legends in their own minds -- Narcissistic superstars -- Narcissistic cultures -- Obsessive-compulsives -- Obsessive-compulsive perfectionists and puritans -- Obsessive-compulsive cultures -- Paranoids -- Vampire visionaries -- Paranoid cultures -- Dangerously dysfunctional cultures : fifteen signs that an organization is run by vampires for vampires -- Epilogue.</subfield>
  </datafield>
  <datafield tag="650" ind1=" " ind2="0">
    <subfield code="a">Verbal self-defense.</subfield>
  </datafield>
  <datafield tag="650" ind1=" " ind2="0">
    <subfield code="a">Interpersonal conflict.</subfield>
  </datafield>
  <datafield tag="650" ind1=" " ind2="0">
    <subfield code="a">Interpersonal communication.</subfield>
  </datafield>
  <datafield tag="942" ind1=" " ind2=" ">
    <subfield code="2">ddc</subfield>
    <subfield code="c">EN</subfield>
    <subfield code="h">650.13</subfield>
    <subfield code="m">BER</subfield>
  </datafield>
  <datafield tag="999" ind1=" " ind2=" ">
    <subfield code="c">81092</subfield>
    <subfield code="d">81092</subfield>
  </datafield>
  <datafield tag="952" ind1=" " ind2=" ">
    <subfield code="0">0</subfield>
    <subfield code="1">0</subfield>
    <subfield code="4">0</subfield>
    <subfield code="7">1</subfield>
    <subfield code="8">NFIC</subfield>
    <subfield code="a">DBAD</subfield>
    <subfield code="b">DBAD</subfield>
    <subfield code="d">2013-12-06</subfield>
    <subfield code="e">DBAD/PUB</subfield>
    <subfield code="g">505.00</subfield>
    <subfield code="l">0</subfield>
    <subfield code="o">650.13 BER</subfield>
    <subfield code="p">EN-92324</subfield>
    <subfield code="r">2013-12-06 00:00:00</subfield>
    <subfield code="t">1</subfield>
    <subfield code="v">505.00</subfield>
    <subfield code="w">2013-12-06</subfield>
    <subfield code="y">EN</subfield>
  </datafield>
</record>
